LEADER 01139nam a22002651i 4500 001 991001176619707536 005 20030820152337.0 008 040407s1978 it |||||||||||||||||ita 035 $ab1273049x-39ule_inst 035 $aARCHE-071013$9ExL 040 $aDip.to Filologia Class. e Scienze Filosofiche$bita$cA.t.i. Arché s.c.r.l. Pandora Sicilia s.r.l. 082 04$a737 100 1 $aConsigliere, Luisa$0162539 245 10$a"Slogans" monetarii e poesia augustea /$cLuisa Consigliere 260 $aGenova :$bIstituto di filologia classica e medievale,$c1978 300 $a121 p. ;$c22 cm 440 0$aPubblicazioni dell'Istituto di filologia classica e medievale dell'Università di Genova ;$v56 500 $aIn testa al front.: Università di Genova, Facoltà di lettere 650 4$aMonete romane 907 $a.b1273049x$b02-04-14$c16-04-04 912 $a991001176619707536 945 $aLE007 737 CON 01 01$g1$i2015000070357$lle007$o-$pE0.00$q-$rl$s- $t0$u0$v0$w0$x0$y.i13264539$z16-04-04 996 $a"Slogans" monetarii e poesia augustea$9171262 997 $aUNISALENTO 998 $ale007$b16-04-04$cm$da $e-$fita$git $h0$i1 LEADER 02990nas--2200577-n-450 001 990008898110403321 005 20240229084550.0 011 $a0531-9870 035 $a000889811 035 $aFED01000889811 035 $a(Aleph)000889811FED01 035 $a000889811 091 $2CNR$aP 00018996 100 $a20090724a19679999km-y0itaa50------ba 101 0 $aita 102 $aIT 110 $aauu-------- 200 1 $aAnnali della Fondazione Luigi Einaudi 207 1$a1967- 210 $aTorino$cLeo S. Olschki 326 $aAnnuale 327 0 $av. 23-1989 530 0 $aAnnali della Fondazione Luigi Einaudi 675 $a945 675 $a311 676 $a330 712 02$aFondazione Luigi Einaudi 801 0$aIT$bACNP$c20090723 859 4 $uhttp://acnp.cib.unibo.it/cgi-ser/start/it/cnr/dc-p1.tcl?catno=11316&person=false&language=ITALIANO&libr=&libr_th=unina1$zBiblioteche che possiedono il periodico 901 $aSE 912 $a990008898110403321 952 $aXI A 2348$b18258$fFSPBC 958 $aBiblioteca. Dipartimento di Economia dell'Università Federico II - Sez. II$b1967-2001;2004;$fSES 958 $aBiblioteca. Dipartimento di Economia dell'Università Federico II - Sez. I$b1967-1969;1971-1974;$eP-05$fDECTS 958 $aBRAU. Biblioteca di Ricerca di Area Umanistica$b1976-1979;1981-$eSP - Per. it. 89$fFLFBC 958 $aBiblioteca Centrale della Facoltà di Giurisprudenza dell'Università di Napoli Federico II$b1977;1989;$eXVII 994$fFGBC 958 $aBiblioteca Centralizzata. Facoltà di Agraria dell'Università Federico II di Napoli$b1967-2012;$c2001;$fFAGBC 959 $aFSPBC 959 $aSES 959 $aDECTS 959 $aFLFBC 959 $aFGBC 959 $aFAGBC 996 $aAnnali della Fondazione Luigi Einaudi$9468073 997 $aUNINA AP1 8 $6866-01$aNA037 Biblioteca. Dipartimento di Economia dell'Università Federico II - Sez. II$eVia Cinthia, 45 - Monte S. Angelo, 80126 Napoli (NA)$m(081) 675016/675025$m081/675014$nit AP1 8 $6866-02$aNA039 Biblioteca. Dipartimento di Economia dell'Università Federico II - Sez. I$bP-05$eVia Cinthia, 45 - Parco S. Paolo, 80126 Napoli (NA)$m(081) 675016/675025$m081/675014$nit AP1 8 $6866-03$aNA072 BRAU. Biblioteca di Ricerca di Area Umanistica$bSP - Per. it. 89$ePiazza Bellini 56/60, 80133 Napoli (NA)$m(081) 2533948$nit AP1 8 $6866-04$aNA073 Biblioteca Centrale della Facoltà di Giurisprudenza dell'Università di Napoli Federico II$bXVII 994$eCorso Umberto I, 80138 Napoli (NA)$m0812537531/33$m0812537532$nit AP1 8 $6866-05$aNA087 Biblioteca Centralizzata. Facoltà di Agraria dell'Università Federico II di Napoli$ev. Università, 100 Palazzo Reale, 80055 Portici (NA)$m081-2539322$m081-7760229$nit AP2 40$aacnp.cib.unibo.it$nACNP Italian Union Catalogue of Serials$uhttp://acnp.cib.unibo.it/cgi-ser/start/it/cnr/df-p.tcl?catno=11316&language=ITALIANO&libr=&person=&B=1&libr_th=unina&proposto=NO